• 首页
  • 本馆介绍
  • 公告通知
  • 最新文献
  • 馆藏检索
  • 电子资源
  • 读者导购
  • 参考咨询
  • 我的图书馆
  • 登录
  • 详细信息显示
  • 放入我的书架
  • 预约/预借图书
  • 作者相关作品
  • 分类相关作品
  • 丛书相关作品
  • 出版社相关作品

书目信息

  • 表格格式
  • 工作单格式
  • 卡片格式
题名:
使日十年
    
 
作者: 格鲁 著 ;蒋相泽 译
分册:  
出版信息: 北京   商务印书馆  1983
页数: 566页
开本: 21cm
丛书名:
单 册:
中图分类: D871.29
科图分类:
主题词: 外交史--美国 , 对外关系--国际关系史--美国
电子资源:
ISBN:
000 01000nam0 2200265 45
001 0183003123
005 20050630152114.4
010    @dCNY2.20
091    @a11017.601
100    @a19950720d1983 em y0chiy0121 ea
101 1  @achi@ceng
102    @aCN@b110000
105    @ay z 000yy
200 10 @a使日十年@Ashi ri shi nian@e1932至1942年美国驻日大使格鲁的日记及公私文件摘录@E1932 Zhi 1942 Nian Mei Guo Zhu Ri Da Shi Ge Lu De Ri Ji Ji Gong SiWen Jian Zhai Lu@f(美)约瑟夫·C·格鲁著@F(Mei)Yue Se Fu·C·Ge Lu Zhu@g蒋相泽译
210    @a北京@c商务印书馆@d1983
215    @a566页@d21cm
517    @a1932至1942年美国驻日大使格鲁的日记及公私文件摘录@A1932 Zhi 1942 Nian Mei Guo Zhu Ri Da Shi Ge Lu De Ri Ji Ji Gong Si Wen Jian Zhai Lu
606    @a外交史@y美国
606    @a对外关系@x国际关系史@y美国
690    @aD871.29@v3
701  0 @a格鲁@4著
702  0 @a蒋相泽@Ajiang xiang ze@4译
801  0 @aCN@b上海图书馆@c20040430
801  2 @aCN@bNLC@c20040430
905    @dD871.29@e19@f1@b228128
    
    使日十年:1932至1942年美国驻日大使格鲁的日记及公私文件摘录/(美)约瑟夫·C·格鲁著/蒋相泽译.-北京:商务印书馆,1983
    566页;21cm
    
    
    ISBN :CNY2.20
    
●
相关链接 在E读中查询图书 在五车中查询图书 在当当中查询图书 在豆瓣中查询图书


正题名:使日十年     索取号:D871.29/19         预约/预借

序号 登录号 条形码 馆藏地/架位号 状态 备注
1 0228126   001027533   第一借阅区/ [索取号:D871.29/19] 在馆    
2 0228127   001027515   第一借阅区/ [索取号:D871.29/19] 在馆    
3 0228128   001027524   第一样本阅览室/ [索取号:D871.29/19] 在馆    
唐山师范学院图书馆 欢迎您!
大连网信软件有限公司© 版权所有